| 000 | 00539nam a2200133 a 4500 | ||
|---|---|---|---|
| 001 | 000028932 | ||
| 005 | 20200930055227.0 | ||
| 008 | 110412s2000 dr 000 0 spa d | ||
| 040 |
_aDO-SdBNP _bspa _cBNPHU |
||
| 245 | 0 | 0 | _aDiscurso en el acto de inaguración del seminario internacional del cierre de gestión, La reforma de la Empresa Pública en la República Dominicana. |
| 260 |
_aSanto Domingo : _bLa Reforma de la Empresa Pública en la República Dominicana, _c[2000]. _fEditorial Stella |
||
| 300 |
_a13 p. ; _c22 cm. |
||
| 049 | _aBNPD | ||
| 999 |
_c28424 _d28424 |
||